| 000 | 00630nam a2200193 a 4500 | ||
|---|---|---|---|
| 001 | 000034587 | ||
| 005 | 20200930073800.0 | ||
| 008 | 111010s2003 ag c 000 0 spa d | ||
| 020 | _a9875503045 | ||
| 040 |
_aDO-SdBNP _bspa _cBNPHU |
||
| 082 |
_axxxx _bD555p |
||
| 100 | 1 |
_aDiderot, Denis _960026 |
|
| 245 | 1 | 3 |
_aLa paradoja del comediante / _cDenis Diderot ; traducción y prólogo Guadalupe de la Torre. |
| 260 |
_aBuenos Aires : _bLongseller, _c2003. |
||
| 300 |
_a175 p. : _bretr. ; _c17 cm. |
||
| 490 | 1 | _aClásicos de siempre | |
| 700 | 1 | 2 |
_aTorre, Guadalupe de la, _etr, pról. _960027 |
| 830 | 0 |
_aClásicos de siempre _960025 |
|
| 999 |
_c34078 _d34078 |
||